| 000 -LEADER |
| fixed length control field |
00389nam a22001217a 4500 |
| 008 - FIXED-LENGTH DATA ELEMENTS--GENERAL INFORMATION |
| fixed length control field |
250902b ||||| |||| 00| 0 eng d |
| 020 ## - INTERNATIONAL STANDARD BOOK NUMBER |
| International Standard Book Number |
9781444949070 |
| 082 ## - DEWEY DECIMAL CLASSIFICATION NUMBER |
| Classification number |
823.92 MEL |
| 100 ## - MAIN ENTRY--PERSONAL NAME |
| Personal name |
MELLING,DAVID |
| Relator term |
AUTHOR |
| Language of a work |
ENGLISH |
| 245 ## - TITLE STATEMENT |
| Title |
HUGHLESS DOUGLAS AND THE GREAT CAKE BAKE |
| 260 ## - PUBLICATION, DISTRIBUTION, ETC. |
| Place of publication, distribution, etc. |
CARMELITE HOUSE,50 VICTORIA EMBANKMENT LONDON EC4Y 0DZ |
| Name of publisher, distributor, etc. |
HODDER CHILDREN'S GROUP |
| Date of publication, distribution, etc. |
2016 |
| 942 ## - ADDED ENTRY ELEMENTS (KOHA) |
| Source of classification or shelving scheme |
|